000 00763nam a22002057a 4500
005 20090121094314.0
008 090121c xxu||||| |||| 00| 0 eng d
022 _a0022-1333
040 _adpl
082 _a572.8633
245 _aJournal of genetics
260 _aBangalore
_bIndian Academy of Sciences
_c1910-
300 _av.
_c28 cm
310 _aTrice in a year
500 _aPublished in April, August, December
650 _aGenetics
270 _aC V Raman Avenue, Post Box No. 8005,
_bBangalore
_dIndia
_e560080
_k23612546,
_l23616094
_mjgnet@ias.ernet.in
942 _2ddc
_cSR
_h572.8633
_mJOU
_s1
999 _c21806
_d21806